Normal view
MARC view
- PRINCE, SIMON
Entry Personal Name
001 - CONTROL NUMBER
- control field: 87398
003 - CONTROL NUMBER IDENTIFIER
- control field: NUST
005 - DATE AND TIME OF LATEST TRANSACTION
- control field: 20220106130511.0
008 - FIXED-LENGTH DATA ELEMENTS
- fixed length control field: 220106|| aca||aabn | a|a d
040 ## - CATALOGING SOURCE
- Original cataloging agency: NUST
- Transcribing agency: NUST
100 ## - HEADING--PERSONAL NAME
- Personal name: PRINCE, SIMON
670 ## - SOURCE DATA FOUND
- Source citation: Work cat.: (NUST): PRINCE, SIMON., COMPUTER VISION /, 2012.
